[Event "RUS-chT 32nd"]
[Site "Sochi"]
[Date "2025.04.30"]
[Round "5.4"]
[White "Zakharov, Alexey O"]
[Black "Shuvalova, Polina"]
[Result "0-1"]
[WhiteElo "2166"]
[BlackElo "2500"]
[PlyCount "90"]
[EventDate "2025.04.26"]
[EventType "team-swiss"]
[EventRounds "9"]
[EventCountry "RUS"]
[SourceTitle "CB19_2025"]
[SourceDate "2025.05.07"]
[SourceVersion "1"]
[SourceVersionDate "2025.05.07"]
[SourceQuality "1"]
[WhiteTeam "St Petersburg SSHOR"]
[BlackTeam "Moscow Russian ChSchool"]
[WhiteTeamCountry "RUS"]
[BlackTeamCountry "RUS"]

1. e4 c5 2. Nf3 d6 3. d4 cxd4 4. Nxd4 Nf6 5. Nc3 a6 6. Bg5 e6 7. f4 Be7 8. Qf3 Qc7 9. 0-0-0 Nbd7 10. g4 b5 11. Bxf6 Nxf6 12. g5 Nd7 13. f5 0-0 14. Rg1 b4 15. Nce2 e5 16. f6 exd4 17. fxe7 Re8 18. Nxd4 Ne5 19. Qf2 g6 20. h4 Qxe7 21. h5 Bb7 22. Qf4 Rac8 23. Bh3 Rc5 24. hxg6 Nxg6 25. Qf2 Bxe4 26. Bf5 Bb7 27. Bd3 Qe3+ 28. Qxe3 Rxe3 29. Nf5 Re6 30. Rgf1 Kf8 31. Nh6 Re7 32. Rf6 Rxg5 33. Rxd6 Ne5 34. Bxh7 Bc8 35. Rf1 Bh3 36. Rh1 Re6 37. Rd8+ Ke7 38. Rg8 Rh5 39. Nf5+ Rxf5 40. Rxh3 Rf1+ 41. Kd2 Nc4+ 42. Kd3 Nxb2+ 43. Kd4 Rf4+ 44. Kd5 Rd6+ 45. Ke5 Rdd4 0-1

[Event "Pune FIDE GP (Women)"]
[Site "Pune"]
[Date "2025.04.20"]
[Round "6"]
[White "Melia, Salome"]
[Black "Shuvalova, Polina"]
[Result "0-1"]
[WhiteElo "2293"]
[BlackElo "2500"]
[PlyCount "90"]
[EventDate "2025.04.14"]
[EventType "tourn"]
[EventRounds "9"]
[EventCountry "IND"]
[EventCategory "9"]
[SourceTitle "CB18_2025"]
[SourceDate "2025.04.30"]
[SourceVersion "1"]
[SourceVersionDate "2025.04.30"]
[SourceQuality "1"]

1. e4 c5 2. Nf3 d6 3. c3 Nf6 4. h3 g6 5. Bd3 Bg7 6. Bc2 0-0 7. 0-0 Nc6 8. d4 cxd4 9. cxd4 d5 10. e5 Ne4 11. Nc3 Nxc3 12. bxc3 f6 13. Re1 fxe5 14. dxe5 Bf5 15. Bb3 e6 16. Ba3 Rf7 17. Bd6 Kh8 18. Qd2 h6 19. Nd4 Nxd4 20. cxd4 h5 21. Bc2 Bxc2 22. Qxc2 Kh7 23. Re3 Rc8 24. Qd3 Qh4 25. Rg3 Rf5 26. Rd1 Rc4 27. Rf3 a6 28. Rxf5 gxf5 29. Qe2 Kg6 30. Qb2 b5 31. Qd2 Bh6 32. Qa5 Rc2 33. g3 Qg5 34. Qxa6 Rxf2 35. Qa3 Re2 36. Be7 Qe3+ 37. Qxe3 Bxe3+ 38. Kh1 Rxa2 39. Bc5 Rc2 40. Rd3 Bc1 41. Rb3 Rb2 42. Ra3 f4 43. gxf4 Kf5 44. Ra8 Bxf4 45. Rh8 Ke4 0-1

[Event "Pune FIDE GP (Women)"]
[Site "Pune"]
[Date "2025.04.17"]
[Round "4"]
[White "Shuvalova, Polina"]
[Black "Koneru, Humpy"]
[Result "0-1"]
[WhiteElo "2500"]
[BlackElo "2528"]
[PlyCount "66"]
[EventDate "2025.04.14"]
[EventType "tourn"]
[EventRounds "9"]
[EventCountry "IND"]
[EventCategory "9"]
[SourceTitle "CB18_2025"]
[SourceDate "2025.04.30"]
[SourceVersion "1"]
[SourceVersionDate "2025.04.30"]
[SourceQuality "1"]

1. e4 e5 2. Nf3 Nc6 3. Bc4 Bc5 4. d3 Nf6 5. 0-0 d6 6. c3 h6 7. Re1 a5 8. h3 g5 9. d4 Ba7 10. dxe5 Nxe5 11. Nxe5 dxe5 12. Qxd8+ Kxd8 13. Be3 Bxe3 14. Rxe3 Ke7 15. Na3 c6 16. Nc2 Rd8 17. a4 Rd2 18. Ne1 Be6 19. Nf3 Rxb2 20. Nxe5 Nd7 21. Nxd7 Bxc4 22. Ne5 Be6 23. Nd3 Rc2 24. Nc5 b5 25. Nxe6 fxe6 26. e5 b4 27. cxb4 axb4 28. a5 c5 29. a6 c4 30. Ra4 b3 31. Kh2 Kd7 32. Rf3 Kc6 33. Rf7 Kb5 0-1

[Event "Pune FIDE GP (Women)"]
[Site "Pune"]
[Date "2025.04.16"]
[Round "3"]
[White "Vaishali, Ramesh Babu"]
[Black "Shuvalova, Polina"]
[Result "1/2-1/2"]
[WhiteElo "2484"]
[BlackElo "2500"]
[PlyCount "126"]
[EventDate "2025.04.14"]
[EventType "tourn"]
[EventRounds "9"]
[EventCountry "IND"]
[EventCategory "9"]
[SourceTitle "CB18_2025"]
[SourceDate "2025.04.30"]
[SourceVersion "1"]
[SourceVersionDate "2025.04.30"]
[SourceQuality "1"]

1. e4 e5 2. Nf3 Nc6 3. Bc4 Nf6 4. Nc3 Nxe4 5. Nxe4 d5 6. Bd3 dxe4 7. Bxe4 Bd6 8. d4 exd4 9. 0-0 0-0 10. Bg5 Be7 11. Bxe7 Qxe7 12. Bxc6 bxc6 13. Qxd4 Bf5 14. Qc3 Rab8 15. Nd4 Bd7 16. a3 c5 17. Nb3 c4 18. Rfe1 Qf6 19. Qxc4 Be6 20. Qxc7 Rbc8 21. Qe5 Qxe5 22. Rxe5 Rxc2 23. Nd4 Rxb2 24. Ra5 Rd8 25. Nxe6 fxe6 26. Rxa7 Rdd2 27. Rf1 Ra2 28. h4 h6 29. g3 Rd3 30. Re7 Rdxa3 31. Rxe6 Ra1 32. Rxa1 Rxa1+ 33. Kg2 h5 34. Re5 g6 35. Re7 Ra3 36. Kf1 Ra2 37. Ke1 Kf8 38. Rd7 Kg8 39. Rd2 Ra1+ 40. Ke2 Kg7 41. Ke3 Ra4 42. Rd4 Ra2 43. Rd6 Ra4 44. f3 Rb4 45. Rd4 Rb1 46. Kf4 Kh6 47. Ke5 Rb3 48. Ke4 Rb1 49. Rd7 Rg1 50. Kf4 Ra1 51. Ke5 Rg1 52. Kf4 Rf1 53. Re7 Rf2 54. Re3 Rf1 55. Rd3 Rf2 56. Ke5 Rg2 57. f4 Kg7 58. Rd7+ Kh6 59. f5 gxf5 60. Rd6+ Kg7 61. Kf4 Rg1 62. Rd5 Kg6 63. Rd6+ Kg7 1/2-1/2

[Event "Titled Tuesday intern op 01st Apr Late"]
[Site "Chess.com INT"]
[Date "2025.04.01"]
[Round "5"]
[White "Rees, Ioan"]
[Black "Shuvalova, Polina"]
[Result "0-1"]
[WhiteElo "2288"]
[BlackElo "2500"]
[PlyCount "108"]
[EventDate "2025.04.01"]
[EventType "swiss (blitz)"]
[EventRounds "11"]
[EventCountry "USA"]
[SourceTitle "CB15_2025"]
[SourceDate "2025.04.09"]
[SourceVersion "1"]
[SourceVersionDate "2025.04.09"]
[SourceQuality "1"]

1. d4 Nf6 2. c4 g6 3. g3 Bg7 4. Bg2 0-0 5. Nc3 d6 6. Nf3 Nc6 7. 0-0 e5 8. dxe5 dxe5 9. Bg5 Be6 10. Qa4 h6 11. Rad1 Qc8 12. Bxf6 Bxf6 13. Nd5 Bg7 14. Qxc6 bxc6 15. Ne7+ Kh7 16. Nxc8 Rfxc8 17. Nd2 Rab8 18. b3 Rb6 19. Ne4 Bf8 20. Nc3 Ra6 21. Rc1 Rd8 22. Rfd1 Rxd1+ 23. Rxd1 Bb4 24. Na4 Bd6 25. c5 Be7 26. e4 Ra5 27. Rc1 Rb5 28. Bf1 Rb4 29. f3 f5 30. Bd3 Kg7 31. Kf1 Kf6 32. Ke2 h5 33. Bb1 h4 34. gxh4 f4 35. Nb2 Rb8 36. Rg1 Rh8 37. Bd3 Rxh4 38. Rg2 Bh3 39. Rg1 Bxc5 40. Rc1 Bd6 41. Rxc6 Bd7 42. Rc2 Rxh2+ 43. Kf1 Rh3 44. Be2 Rh2 45. Nc4 g5 46. Nxd6 cxd6 47. Rd2 Bh3+ 48. Ke1 Ke7 49. Rc2 Bd7 50. Rc7 a6 51. Bxa6 Kd8 52. Rb7 Rxa2 53. Bc4 g4 54. Rb8+ Kc7 0-1

[Event "Titled Tuesday intern op 01st Apr Early"]
[Site "Chess.com INT"]
[Date "2025.04.01"]
[Round "3"]
[White "Shuvalova, Polina"]
[Black "Jacobsen, Mikkel Manosri"]
[Result "1-0"]
[WhiteElo "2508"]
[BlackElo "2249"]
[PlyCount "59"]
[EventDate "2025.04.01"]
[EventType "swiss (blitz)"]
[EventRounds "11"]
[EventCountry "USA"]
[SourceTitle "CB15_2025"]
[SourceDate "2025.04.09"]
[SourceVersion "1"]
[SourceVersionDate "2025.04.09"]
[SourceQuality "1"]

1. Nf3 d5 2. g3 Nf6 3. Bg2 e6 4. 0-0 Be7 5. b3 0-0 6. Bb2 b6 7. c4 Bb7 8. cxd5 Nxd5 9. d4 Nf6 10. Nbd2 Nbd7 11. Re1 c5 12. e4 cxd4 13. Nxd4 Nc5 14. Qe2 Nfd7 15. Rad1 Ne5 16. Nxe6 fxe6 17. Bxe5 Nd3 18. Nc4 Nxe1 19. Rxd8 Raxd8 20. Qxe1 Bc5 21. Ne3 Rd3 22. Bf1 Rd7 23. Bc4 Kh8 24. b4 Bd4 25. Bxe6 Re7 26. Bxd4 Rxe6 27. Qc3 Rf7 28. f3 Rxf3 29. Bxg7+ Kg8 30. Qc4 1-0

[Event "Titled Tuesday intern op 01st Apr Late"]
[Site "Chess.com INT"]
[Date "2025.04.01"]
[Round "9"]
[White "Shuvalova, Polina"]
[Black "Kazakouski, Valery"]
[Result "0-1"]
[WhiteElo "2500"]
[BlackElo "2563"]
[PlyCount "114"]
[EventDate "2025.04.01"]
[EventType "swiss (blitz)"]
[EventRounds "11"]
[EventCountry "USA"]
[SourceTitle "CB15_2025"]
[SourceDate "2025.04.09"]
[SourceVersion "1"]
[SourceVersionDate "2025.04.09"]
[SourceQuality "1"]

1. Nf3 d5 2. g3 Nd7 3. d4 Nb6 4. Bg2 Nf6 5. 0-0 Bf5 6. Nh4 Bg4 7. h3 Bh5 8. g4 Bg6 9. Nxg6 hxg6 10. g5 Ng8 11. e4 dxe4 12. Nc3 e6 13. Nxe4 c6 14. Bf4 Nd5 15. Bg3 f5 16. gxf6 gxf6 17. c4 Nb6 18. Qg4 Kf7 19. Rfe1 Nh6 20. Ng5+ fxg5 21. Qxe6+ Kg7 22. Be4 Qe8 23. Be5+ Kh7 24. Qxe8 Rxe8 25. Bxh8 Kxh8 26. c5 Nd7 27. Bxg6 Rd8 28. Re8 Rxe8 29. Bxe8 Nf6 30. Bg6 Kg7 31. Bd3 Nd5 32. Re1 Nf4 33. Re3 Kf6 34. Be4 Be7 35. Kh2 Nf7 36. b4 Nd8 37. Rf3 Nde6 38. d5 cxd5 39. Bxd5 Nd4 40. Ra3 Nxd5 41. Rxa7 Nxb4 42. Rxb7 Bxc5 43. a4 Nbc6 44. Rb1 Kf5 45. Rc1 Bd6+ 46. Kg2 Ke4 47. Rd1 Bf4 48. Re1+ Kd5 49. Rd1 Na5 50. Rb1 Ndb3 51. Rd1+ Bd2 52. Re1 Bxe1 53. Kf3 Bd2 54. Kg4 Ke5 55. Kf3 Kf5 56. Kg3 Bf4+ 57. Kf3 Nc5 0-1

[Event "Titled Tuesday intern op 01st Apr Late"]
[Site "Chess.com INT"]
[Date "2025.04.01"]
[Round "2"]
[White "Shuvalova, Polina"]
[Black "Makarian, Rudik"]
[Result "1/2-1/2"]
[WhiteElo "2500"]
[BlackElo "2543"]
[PlyCount "106"]
[EventDate "2025.04.01"]
[EventType "swiss (blitz)"]
[EventRounds "11"]
[EventCountry "USA"]
[SourceTitle "CB21_2025"]
[SourceDate "2025.05.21"]
[SourceVersion "1"]
[SourceVersionDate "2025.05.21"]
[SourceQuality "1"]

1. Nf3 Nf6 2. g3 e6 3. Bg2 d5 4. 0-0 Be7 5. d4 0-0 6. c4 dxc4 7. Qc2 a6 8. a4 b6 9. Nbd2 Bb7 10. Nxc4 c5 11. Rd1 Nbd7 12. Bf4 Rc8 13. dxc5 Rxc5 14. Qb3 Bd5 15. Nfe5 Nxe5 16. Bxd5 Rxd5 17. Nxe5 Qa8 18. Qxb6 Bc5 19. Qc6 Qa7 20. e3 h6 21. h4 Rfd8 22. Rxd5 Nxd5 23. Rd1 Be7 24. Qc2 Qb7 25. Nc6 Rc8 26. Nxe7+ Nxe7 27. Qd2 Nd5 28. Rc1 Rxc1+ 29. Qxc1 f6 30. Qc4 Kh8 31. g4 e5 32. Bg3 Ne7 33. b4 Nd5 34. b5 axb5 35. axb5 Qd7 36. Qc6 Qxc6 37. bxc6 Kg8 38. e4 Ne7 39. c7 Kf7 40. f4 Ke6 41. fxe5 fxe5 42. Kg2 Kd6 43. Kf3 g6 44. h5 gxh5 45. gxh5 Kxc7 46. Bxe5+ Kd7 47. Bf4 Ng8 48. Kg4 Nf6+ 49. Kf5 Nxh5 50. Be5 Ke7 51. Kg4 Ke6 52. Kxh5 Kxe5 53. Kxh6 Kxe4 1/2-1/2

[Event "Titled Tuesday intern op 01st Apr Late"]
[Site "Chess.com INT"]
[Date "2025.04.01"]
[Round "4"]
[White "Shuvalova, Polina"]
[Black "Moroni, Luca Jr"]
[Result "0-1"]
[WhiteElo "2500"]
[BlackElo "2545"]
[PlyCount "114"]
[EventDate "2025.04.01"]
[EventType "swiss (blitz)"]
[EventRounds "11"]
[EventCountry "USA"]
[SourceTitle "CB21_2025"]
[SourceDate "2025.05.21"]
[SourceVersion "1"]
[SourceVersionDate "2025.05.21"]
[SourceQuality "1"]

1. Nf3 g6 2. g3 Bg7 3. Bg2 d6 4. 0-0 Bd7 5. d4 Qc8 6. e4 Nc6 7. c3 Bh3 8. Bf4 h5 9. Bxh3 Qxh3 10. Ng5 Qc8 11. h4 Nf6 12. Nd2 0-0 13. Re1 e6 14. a4 Qd7 15. a5 a6 16. Qb3 Rab8 17. Qa4 e5 18. dxe5 dxe5 19. Be3 Ng4 20. Rad1 Nxe3 21. Rxe3 Rfd8 22. Ree1 Bh6 23. Nc4 Qe7 24. Nf3 Qc5 25. Kg2 Kg7 26. b3 Kg8 27. Qa2 b5 28. axb6 cxb6 29. Qxa6 b5 30. Na5 Rdc8 31. b4 Qxc3 32. Nxc6 Rxc6 33. Qa7 Rf8 34. Qe7 Re6 35. Qd7 Rf6 36. Qd3 Qxb4 37. Rb1 Qa5 38. Qxb5 Qc3 39. Rb3 Qc2 40. Qd3 Qxd3 41. Rxd3 Re6 42. Rd5 Bg7 43. Rc1 Ra8 44. Rcc5 Ra4 45. Rc8+ Bf8 46. Rdd8 Ra2 47. Rxf8+ Kg7 48. Rfe8 Rf6 49. Rxe5 Rb6 50. Re7 Rbb2 51. Ne5 Rxf2+ 52. Kg1 Rg2+ 53. Kf1 Raf2+ 54. Ke1 Re2+ 55. Kd1 Rd2+ 56. Kc1 Rdf2 57. Rcc7 Rg1# 0-1

[Event "Titled Tuesday intern op 01st Apr Late"]
[Site "Chess.com INT"]
[Date "2025.04.01"]
[Round "8"]
[White "Shuvalova, Polina"]
[Black "Paravyan, David"]
[Result "0-1"]
[WhiteElo "2500"]
[BlackElo "2596"]
[PlyCount "208"]
[EventDate "2025.04.01"]
[EventType "swiss (blitz)"]
[EventRounds "11"]
[EventCountry "USA"]
[SourceTitle "CB21_2025"]
[SourceDate "2025.05.21"]
[SourceVersion "1"]
[SourceVersionDate "2025.05.21"]
[SourceQuality "1"]

1. Nf3 Nf6 2. g3 c5 3. Bg2 Nc6 4. 0-0 e5 5. e4 d6 6. d3 g6 7. Nc3 Bg7 8. Nd2 0-0 9. Nc4 Bg4 10. f3 Be6 11. Ne3 d5 12. exd5 Nxd5 13. Nexd5 Bxd5 14. Nxd5 Qxd5 15. Be3 Qd6 16. Qd2 Rad8 17. Rae1 c4 18. Qf2 cxd3 19. Bc5 Qd5 20. Bxf8 Bxf8 21. Qd2 Qc5+ 22. Kh1 dxc2 23. Qe2 Nd4 24. Qe3 Nf5 25. Qe4 Rd2 26. f4 exf4 27. Qxf4 Bh6 28. Qe4 Rxg2 29. Qxg2 c1Q 30. Rxc1 Bxc1 31. Qe2 Qd5+ 32. Qf3 Qxf3+ 33. Rxf3 Bxb2 34. Rb3 Bd4 35. Rxb7 Bb6 36. Rd7 Kf8 37. a4 Ke8 38. Rb7 h5 39. a5 Bxa5 40. Rxa7 Bd8 41. Kg2 Be7 42. Ra8+ Kd7 43. Ra7+ Ke6 44. Ra6+ Bd6 45. Ra7 Ne3+ 46. Kf3 Ng4 47. Kg2 Be5 48. Ra6+ Ke7 49. Ra7+ Kf8 50. Ra8+ Kg7 51. Ra5 Bf6 52. Ra6 Be7 53. Ra7 Bc5 54. Ra5 Bd4 55. Ra4 Bc3 56. Ra3 Bb2 57. Ra2 Bf6 58. Ra6 Nh6 59. Ra7 Kg8 60. Ra8+ Kh7 61. Ra7 Bg7 62. Rb7 f5 63. Rb6 Ng4 64. Ra6 Kh6 65. Rb6 Be5 66. Re6 Kg7 67. Ra6 Kf7 68. Ra7+ Kf6 69. Ra6+ Kg7 70. Ra5 Bd4 71. Ra4 Bc5 72. Ra5 Be7 73. Ra7 Kf7 74. Ra6 h4 75. Ra7 hxg3 76. hxg3 Kf6 77. Ra6+ Kf7 78. Ra7 Ne5 79. Rb7 Ke6 80. Rb6+ Bd6 81. Ra6 g5 82. Ra8 g4 83. Re8+ Kf7 84. Rd8 Ke7 85. Ra8 Nf7 86. Ra5 Ke6 87. Ra6 Ng5 88. Ra8 Ne4 89. Re8+ Kf7 90. Rd8 Bxg3 91. Rd5 Ke6 92. Ra5 Bd6 93. Ra6 f4 94. Ra4 f3+ 95. Kf1 Kf5 96. Ra5+ Kf4 97. Ra4 g3 98. Rc4 g2+ 99. Kg1 Bc5+ 100. Rxc5 Nxc5 101. Kh2 Ne4 102. Kg1 Ng5 103. Kh2 Nh3 104. Kxh3 g1Q 0-1

[Event "Samarkand (Women) op 3rd"]
[Site "Samarkand"]
[Date "2025.03.17"]
[Round "8"]
[White "Sliwicka, Alicja"]
[Black "Shuvalova, Polina"]
[Result "1/2-1/2"]
[WhiteElo "2342"]
[BlackElo "2508"]
[PlyCount "64"]
[EventDate "2025.03.09"]
[EventType "swiss"]
[EventRounds "9"]
[EventCountry "UZB"]
[SourceTitle "CB13_2025"]
[SourceDate "2025.03.26"]
[SourceVersion "1"]
[SourceVersionDate "2025.03.26"]
[SourceQuality "1"]

1. e4 c5 2. Nf3 d6 3. d4 cxd4 4. Nxd4 Nf6 5. Nc3 a6 6. Be3 e5 7. Nb3 Be7 8. f3 Be6 9. Qd2 b5 10. Nd5 Nxd5 11. exd5 Bf5 12. Be2 h6 13. 0-0 0-0 14. a4 bxa4 15. Rxa4 Bg5 16. f4 exf4 17. Bxf4 Bg6 18. Bxg5 hxg5 19. Bd3 Bxd3 20. Qxd3 Nd7 21. Rxa6 Ne5 22. Rxa8 Qxa8 23. Qd2 Rc8 24. c3 g4 25. Ra1 Qb7 26. Na5 Qb6+ 27. Kh1 Ra8 28. b4 Nc4 29. Qe2 Ne5 30. Rd1 Rc8 31. Qd2 Qb5 32. Rc1 Rb8 1/2-1/2

[Event "Samarkand (Women) op 3rd"]
[Site "Samarkand"]
[Date "2025.03.14"]
[Round "6"]
[White "Nandhidhaa, PV."]
[Black "Shuvalova, Polina"]
[Result "0-1"]
[WhiteElo "2380"]
[BlackElo "2508"]
[PlyCount "76"]
[EventDate "2025.03.09"]
[EventType "swiss"]
[EventRounds "9"]
[EventCountry "UZB"]
[SourceTitle "CB13_2025"]
[SourceDate "2025.03.26"]
[SourceVersion "1"]
[SourceVersionDate "2025.03.26"]
[SourceQuality "1"]

1. e4 e5 2. Nf3 Nc6 3. Nc3 Nf6 4. Bb5 Bb4 5. 0-0 0-0 6. d3 Bxc3 7. bxc3 d6 8. Bg5 h6 9. Bh4 Qe7 10. a4 Nd8 11. a5 c6 12. Bc4 g5 13. Bg3 Bg4 14. h3 Bh5 15. Re1 Ne6 16. d4 Rad8 17. Bf1 Rfe8 18. Bh2 Kh8 19. Rb1 Rg8 20. g4 Bg6 21. Nd2 Nf4 22. f3 h5 23. Nc4 hxg4 24. hxg4 Kg7 25. Ne3 Rh8 26. Nf5+ Bxf5 27. exf5 N6d5 28. Rb3 Rxh2 29. Kxh2 Qf6 30. Kg1 Qh6 31. Qd2 Rh8 32. Bg2 Nxg2 33. Qxg2 Nf4 34. f6+ Kxf6 35. dxe5+ dxe5 36. Qg3 Qh1+ 37. Kf2 Rh2+ 38. Ke3 Qf1 0-1

[Event "Titled Tuesday intern op 11th Mar Early"]
[Site "Chess.com INT"]
[Date "2025.03.11"]
[Round "4"]
[White "Erigaisi, Arjun Kumar"]
[Black "Shuvalova, Polina"]
[Result "1-0"]
[WhiteElo "2777"]
[BlackElo "2508"]
[PlyCount "49"]
[EventDate "2025.03.11"]
[EventType "swiss (blitz)"]
[EventRounds "11"]
[EventCountry "USA"]
[SourceTitle "CB12_2025"]
[SourceDate "2025.03.19"]
[SourceVersion "1"]
[SourceVersionDate "2025.03.19"]
[SourceQuality "1"]

1. b3 Nf6 2. Bb2 d5 3. Nf3 e6 4. e3 Be7 5. Be2 0-0 6. 0-0 c5 7. Ne5 b6 8. f4 Bb7 9. d3 Bc6 10. Nd2 Bb7 11. Qe1 Nbd7 12. Qg3 Ne8 13. Qh3 Rc8 14. Bg4 Nc7 15. Nxd7 Qxd7 16. f5 d4 17. exd4 cxd4 18. Rae1 Bf6 19. fxe6 fxe6 20. Rxe6 Qd5 21. Rexf6 gxf6 22. Bf3 Qg5 23. Bxb7 Rb8 24. Ne4 Qg7 25. Bxd4 1-0

[Event "Titled Tuesday intern op 11th Mar Early"]
[Site "Chess.com INT"]
[Date "2025.03.11"]
[Round "5"]
[White "Shuvalova, Polina"]
[Black "Adu, Oladapo"]
[Result "1-0"]
[WhiteElo "2508"]
[BlackElo "2060"]
[PlyCount "39"]
[EventDate "2025.03.11"]
[EventType "swiss (blitz)"]
[EventRounds "11"]
[EventCountry "USA"]
[SourceTitle "CB12_2025"]
[SourceDate "2025.03.19"]
[SourceVersion "1"]
[SourceVersionDate "2025.03.19"]
[SourceQuality "1"]

1. Nf3 d5 2. g3 c6 3. Bg2 Nf6 4. 0-0 Bf5 5. d3 e6 6. c4 h6 7. cxd5 exd5 8. Nc3 Be7 9. Re1 0-0 10. Qc2 Bh7 11. e4 dxe4 12. dxe4 Nbd7 13. Bf4 Qa5 14. Rad1 Nc5 15. Nd4 Rfd8 16. a3 Ncd7 17. Nf5 Bf8 18. h3 Ne5 19. b4 Qb6 20. Bxe5 1-0

[Event "Titled Tuesday intern op 11th Mar Early"]
[Site "Chess.com INT"]
[Date "2025.03.11"]
[Round "7"]
[White "Shuvalova, Polina"]
[Black "Kezin, Roman"]
[Result "0-1"]
[WhiteElo "2508"]
[BlackElo "2478"]
[PlyCount "92"]
[EventDate "2025.03.11"]
[EventType "swiss (blitz)"]
[EventRounds "11"]
[EventCountry "USA"]
[SourceTitle "CB12_2025"]
[SourceDate "2025.03.19"]
[SourceVersion "1"]
[SourceVersionDate "2025.03.19"]
[SourceQuality "1"]

1. Nf3 Nc6 2. e4 d6 3. d4 Nf6 4. Nc3 g6 5. Be3 Bg7 6. Qd2 Ng4 7. Bg5 h6 8. Bh4 0-0 9. h3 Nf6 10. 0-0-0 a6 11. g4 b5 12. Bd3 Nd7 13. Kb1 Nb6 14. Nd5 g5 15. Bg3 Nc4 16. Qe2 Rb8 17. Bxc4 bxc4 18. Qxc4 Bd7 19. Ne3 Rb4 20. Qc3 Qb8 21. b3 Nxd4 22. Nxd4 c5 23. Nd5 Rxd4 24. Nxe7+ Kh8 25. Rxd4 Bxd4 26. Qd2 Re8 27. Nf5 Bxf5 28. exf5 Qb7 29. Re1 Rxe1+ 30. Qxe1 Qd5 31. c3 Bf6 32. Kc2 c4 33. Qe3 Kg7 34. Kb2 a5 35. bxc4 Qxc4 36. Bxd6 a4 37. Qd2 Kh7 38. Ba3 Qb5+ 39. Kc2 Qc4 40. Kb2 Qe4 41. Qc2 Qf3 42. Bb4 Qxh3 43. Qxa4 Qxg4 44. Qb3 Kg7 45. a4 h5 46. a5 Qf3 0-1

[Event "Samarkand (Women) op 3rd"]
[Site "Samarkand"]
[Date "2025.03.10"]
[Round "2"]
[White "Shuvalova, Polina"]
[Black "Nadirjanova, Nodira"]
[Result "1-0"]
[WhiteElo "2508"]
[BlackElo "2156"]
[PlyCount "85"]
[EventDate "2025.03.09"]
[EventType "swiss"]
[EventRounds "9"]
[EventCountry "UZB"]
[SourceTitle "CB13_2025"]
[SourceDate "2025.03.26"]
[SourceVersion "1"]
[SourceVersionDate "2025.03.26"]
[SourceQuality "1"]

1. e4 d6 2. d4 e5 3. Nf3 exd4 4. Nxd4 Nf6 5. Nc3 Be7 6. Bf4 c6 7. Qd3 Na6 8. 0-0-0 d5 9. Qe3 Nc7 10. Be2 Ne6 11. e5 Nxf4 12. exf6 Nxe2+ 13. Qxe2 gxf6 14. Rhe1 Kf8 15. Rd3 Bd6 16. Qh5 h6 17. Kb1 Bd7 18. Nf5 Be5 19. g4 Bxf5 20. gxf5 Qc7 21. Qh4 Re8 22. a3 Re7 23. Ka2 Ke8 24. Nd1 d4 25. Re4 c5 26. f4 Bd6 27. Nf2 Rxe4 28. Nxe4 Be7 29. Qg4 Qc6 30. Ng3 Qg2 31. c3 Qc2 32. Qf3 Kf8 33. cxd4 Qc4+ 34. Rb3 a5 35. Kb1 Qxd4 36. Rxb7 Bd6 37. Rd7 h5 38. Qc6 Kg7 39. Qxd6 Qg1+ 40. Ka2 Qxh2 41. Ne4 Qh4 42. Qe7 Rf8 43. Nxc5 1-0

[Event "Samarkand (Women) op 3rd"]
[Site "Samarkand"]
[Date "2025.03.09"]
[Round "1"]
[White "Tabermakova, Leila"]
[Black "Shuvalova, Polina"]
[Result "0-1"]
[WhiteElo "2082"]
[BlackElo "2508"]
[PlyCount "106"]
[EventDate "2025.03.09"]
[EventType "swiss"]
[EventRounds "9"]
[EventCountry "UZB"]
[SourceTitle "CB13_2025"]
[SourceDate "2025.03.26"]
[SourceVersion "1"]
[SourceVersionDate "2025.03.26"]
[SourceQuality "1"]

1. e4 c5 2. Nf3 d6 3. c3 Nf6 4. Be2 g6 5. 0-0 Bg7 6. Bb5+ Nc6 7. d4 0-0 8. d5 a6 9. Bd3 Na5 10. Nbd2 b5 11. Re1 e6 12. Nf1 exd5 13. exd5 Bb7 14. b4 Nc4 15. Bxc4 bxc4 16. Bg5 cxb4 17. cxb4 Bxd5 18. Rc1 Bb7 19. Rxc4 h6 20. Bh4 d5 21. Rc1 Rc8 22. Rxc8 Qxc8 23. Ne3 Qc6 24. Qc1 Qd7 25. Ne5 Qd6 26. Nd3 Rc8 27. Nc5 Ne4 28. Qb1 Nxc5 29. bxc5 Qc6 30. Nf1 d4 31. f3 Qb5 32. a4 Qxb1 33. Rxb1 Bc6 34. Rb6 Bxa4 35. Rxa6 Bb5 36. Ra5 Rxc5 37. Be7 Re5 38. Bd6 Rd5 39. Nd2 g5 40. Bb4 Be5 41. g3 Kg7 42. Kf2 Kg6 43. Ne4 f6 44. Ke1 h5 45. Kd2 h4 46. Ra8 Rd7 47. Nc5 Rh7 48. Ne6 hxg3 49. Nf8+ Kf5 50. hxg3 Rh2+ 51. Kc1 Bc6 52. Ra3 Bxg3 53. Bd2 Be5 0-1

[Event "Moscow Aeroflot op-A"]
[Site "Moscow"]
[Date "2025.03.06"]
[Round "9"]
[White "Sukiasyan, Vahe A"]
[Black "Shuvalova, Polina"]
[Result "0-1"]
[WhiteElo "2399"]
[BlackElo "2508"]
[PlyCount "86"]
[EventDate "2025.03.01"]
[EventType "swiss"]
[EventRounds "9"]
[EventCountry "RUS"]
[SourceTitle "CB11_2025"]
[SourceDate "2025.03.12"]
[SourceVersion "1"]
[SourceVersionDate "2025.03.12"]
[SourceQuality "1"]

1. d4 Nf6 2. c4 e6 3. Nc3 d5 4. cxd5 exd5 5. Bf4 c6 6. e3 Bf5 7. Nf3 Qb6 8. Qc1 h6 9. h3 Nbd7 10. Be2 Be7 11. 0-0 0-0 12. Bd1 Rfe8 13. Bc2 Bxc2 14. Qxc2 Bf8 15. Rab1 Qd8 16. b4 a6 17. Na4 b5 18. Nc5 Nb6 19. Ne5 Qc8 20. Rfe1 a5 21. a4 Nc4 22. Ra1 axb4 23. Ned3 Ne4 24. axb5 cxb5 25. Rxa8 Qxa8 26. Qb1 Bxc5 27. Nxc5 Qa3 28. Nxe4 Rxe4 29. f3 Re6 30. e4 b3 31. exd5 Rxe1+ 32. Qxe1 b2 33. Qe8+ Qf8 34. Qxb5 Qd8 35. d6 Qb6 36. Qxc4 b1Q+ 37. Kh2 Qf5 38. Be5 Qb7 39. Qa4 Kh7 40. Qe8 f6 41. Bg3 Qbd5 42. Qe3 Qc2 43. h4 Qcc4 0-1

[Event "Moscow Aeroflot op-A"]
[Site "Moscow"]
[Date "2025.03.05"]
[Round "8"]
[White "Shuvalova, Polina"]
[Black "Yadegar, Radin"]
[Result "1-0"]
[WhiteElo "2508"]
[BlackElo "2401"]
[PlyCount "102"]
[EventDate "2025.03.01"]
[EventType "swiss"]
[EventRounds "9"]
[EventCountry "RUS"]
[SourceTitle "CB11_2025"]
[SourceDate "2025.03.12"]
[SourceVersion "1"]
[SourceVersionDate "2025.03.12"]
[SourceQuality "1"]

1. e4 c5 2. Nf3 d6 3. d4 cxd4 4. Nxd4 Nf6 5. Nc3 a6 6. Bd3 g6 7. f3 Qb6 8. a3 Nc6 9. Be3 e5 10. Nf5 Qd8 11. Ng3 Bg7 12. Bc4 b5 13. Ba2 Bb7 14. Qd2 Qc7 15. 0-0 0-0 16. Rfd1 Nd4 17. Nge2 Nxe2+ 18. Qxe2 Rac8 19. Rd2 Rfd8 20. Rad1 h6 21. Qf2 Rd7 22. Bb3 Bc6 23. Na2 Bxe4 24. fxe4 Nxe4 25. Qh4 Nxd2 26. Rxd2 d5 27. Bxd5 Rxd5 28. Rxd5 Qxc2 29. Rd8+ Rxd8 30. Qxd8+ Kh7 31. Qd2 Qb1+ 32. Nc1 f5 33. b3 f4 34. Bc5 h5 35. h4 Qf5 36. Bd6 Bh6 37. Qc3 f3 38. gxf3 e4 39. Qc7+ Kg8 40. Qd8+ Kh7 41. Qe7+ Kg8 42. Qe8+ Kh7 43. Qe7+ Kg8 44. f4 Qg4+ 45. Kf2 Qf3+ 46. Ke1 Qg3+ 47. Kd1 e3 48. Qe8+ Kh7 49. Qf7+ Bg7 50. Be5 e2+ 51. Nxe2 Qxb3+ 1-0